Adobe Photoshop CS5 βήμα προς βήμα
Αποθηκεύτηκε σε:
| Συγγραφή απο Οργανισμό/Αρχή: | |
|---|---|
| Μορφή: | Βιβλίο |
| Γλώσσα: | Greek English |
| Δημοσίευση: |
Αθήνα :
Μ. Γκιούρδας,
2011.
|
| Θέματα: | |
| Ετικέτες: |
Προσθήκη ετικέτας
Δεν υπάρχουν, Καταχωρήστε ετικέτα πρώτοι!
|
MARC
| LEADER | 00000cam a2200000 i 4500 | ||
|---|---|---|---|
| 001 | 1/29398 | ||
| 008 | 130514s2011 gr | ||| |||| ||gre|| | ||
| 020 | |a 9789605126063 | ||
| 035 | |l 10114370 | ||
| 040 | |a GR-MyUa |b gre |e AACR2 | ||
| 041 | 1 | |a gre |h eng | |
| 082 | 7 | |a 006.686 |2 (22) | |
| 245 | 1 | 0 | |a Adobe Photoshop CS5 βήμα προς βήμα / |c [Adobe Creative Team] ; απόδοση: Γιάννης Β. Σαμαράς. |
| 260 | |a Αθήνα : |b Μ. Γκιούρδας, |c 2011. | ||
| 300 | |a ix, 374 σ. : |b εικ. ; |c 24 εκ. + |e 1 DVD-ROM (4 3/4 ίν.) | ||
| 500 | |a Τίτλος πρωτοτύπου: Adobe Photoshop CS5: classroom in a book. | ||
| 500 | |a Περιλαμβάνει ευρετήριο. | ||
| 630 | 0 | 0 | |a Adobe Photoshop. |
| 650 | 0 | |a Image processing |x Digital techniques. | |
| 650 | 0 | |a Computer graphics |x Computer programs. | |
| 710 | 2 | |a Adobe Creative Team. | |
| 852 | |a INST |b SYROS |c EUDOXUS |e 20130514 |h 006.686 ADO |p 005500010776 |q 005500010776 |t EDX |y 0 | ||
| 852 | |a INST |b SYROS |c EUDOXUS |e 20130514 |h 006.686 ADO |p 005500010778 |q 005500010778 |t EDX |y 12 | ||
| 852 | |a INST |b SYROS |c EUDOXUS |e 20130514 |h 006.686 ADO |p 005500010777 |q 005500010777 |t EDX |y 0 | ||
| 852 | |a INST |b SYROS |c EUDOXUS |e 20130514 |h 006.686 ADO |p 005500010779 |q 005500010779 |t EDX |y 0 | ||
| 901 | |a BIBL5-2013-1 | ||
| 920 | |a Εύδοξος |b Παραγγελία |y Σύρος-ΤΜΣΠΣ |z 2013-05 | ||
| 970 | |a Κοντού |b Παρασκευή |z 14/05/2013 | ||